Financial Awareness of College Students

Bibliográfiai részletek
Szerző: Petrovszki Márk
További közreműködők: Vallyon Dr. Andrea
Csoma Róbert
Dokumentumtípus: Diplomadolgozat
Kulcsszavak:Pénzügy
Egyetemisták
Tudatossága
Online Access:http://dolgozattar.uni-bge.hu/20658

MARC

LEADER 00000nta a2200000 i 4500
001 dolg20658
005 20200512121235.0
008 190506suuuu hu om 000 eng d
040 |a BGE Dolgozattár Repozitórium  |b hun 
041 |a en 
100 1 |a Petrovszki Márk 
245 1 0 |a Financial Awareness of College Students  |c Petrovszki Márk  |h [elektronikus dokumentum] 
246 1 1 |a Egyetemisták Pénzügyi Tudatossága 
246 1 1 |a Financial Awareness of College Students 
695 |a Pénzügy 
695 |a Egyetemisták 
695 |a Tudatossága 
700 1 |a Vallyon Dr. Andrea  |e ths 
700 1 |a Csoma Róbert  |e ths 
856 4 0 |u http://dolgozattar.uni-bge.hu/20658/1/Petrovszki%20M%C3%A1rk_Financial%20Awareness%20of%20College%20Students_Thesis_2019.pdf  |z Dokumentum-elérés